01007nam a22002417a 4500999001700000003000900017008004100026040007100067082001500138100002200153245003200175260004200207300004200249440003200291505020500323650002500528650002400553650001700577700004100594942001600635945001900651952009500670 c18174d18174AR-CdUCM190513b ||||| |||| 00| 0 spa d aMUNICIPALIDAD PROVINCIAL DEL CUSCOcBIBLIOTECA MUNICIPAL DEL CUSCO a925 /bM12 aMacDonald, D.K.C. aFaraday, Maxwell y Kelvin / aBuenos Aires :bUniversitaria,c1966. a157 paginas ;bIlustraciones,c19 cm. aEUDEBA ciencia joven938617 aContenido : Michael Faraday -- Primeros años -- Primeras investigaciones sobre electricidad -- Genio científico y matrimonio -- James Clerk Maxwell -- Infancia en Escocia -- Teoría cinética... aCientíficos 93270 aLaboratorios938618 aFisica92382 aFabrican, Luis (Traducción)938619 2ddccLIBROS awntsd20190-13 002ddc4070aSHbSHcCARTd2019-05-13g25.00o925 / M12pSH0000013164r2019-05-13yLIBROS